000
00336nam a2200157Ia 4500
003
Ost
005
20260225132557.0
008
260225s9999||||xx |||||||||||||| ||und||
040
_c
fsic
041
_a
fre
082
_a
440
100
_a
Rieffel
_e
Auteur
245
0
_a
sociologie des médias /
245
0
_c
Rieffel
942
_c
كتاب
999
_c
34554
_d
34554